Llibre de Poblet / (Record no. 108731)

MARC details
000 -LEADER
campo de control de longitud fija 00634nam a2200193 4500
001 - NÚMERO DE CONTROL
campo de control 108731
003 - IDENTIFICADOR DE NÚMERO DE CONTROL
campo de control ES-MaACL
005 - FECHA Y HORA DE LA ÚLTIMA TRANSACCIÓN
campo de control 20251013192708.0
007 - CAMPO FIJO DE DESCRIPCIÓN FÍSICA--INFORMACIÓN GENERAL
campo de control de longitud fija t|
008 - DATOS DE LONGITUD FIJA--INFORMACIÓN GENERAL
campo de control de longitud fija 061121s1965 sp r ||||1| spa d
100 0# - ENTRADA PRINCIPAL--NOMBRE DE PERSONA
Nombre de persona Montoliu, Manuel de,
Fechas asociadas al nombre 1877-1961
9 (RLIN) 82679
245 10 - MENCIÓN DEL TÍTULO
Título Llibre de Poblet /
Mención de responsabilidad, etc. Manuel de Montoliu ; próleg del Rdm. P. Edmond M. Garreta Abat de Poblet.
250 ## - MENCION DE EDICION
Mención de edición [ 2.ª ed.].
260 ## - PUBLICACIÓN, DISTRIBUCIÓN, ETC.
Lugar de publicación, distribución, etc. Barcelona :
Nombre del editor, distribuidor, etc. Selecta,
Fecha de publicación, distribución, etc. 1965.
300 ## - DESCRIPCIÓN FÍSICA
Extensión 214 p. Lám. I-XII. ;
Dimensiones 18 cm.
700 1# - ENTRADA AGREGADA--NOMBRE PERSONAL
Nombre de persona Garreta, Edmundo María,
Títulos y otros términos asociados al nombre Abad de Poblet
9 (RLIN) 55655
852 ## - LOCALIZACIÓN
Ubicación ES-MaACL
Número de control de estantería C-28329
Sublocalización o colección R.57631
Holdings
Estatus retirado Estado de pérdida Estado de daño No para préstamo Biblioteca de origen Biblioteca actual Ubicación en estantería Fecha de adquisición Fuente de adquisición Total de préstamos Signatura topográfica completa Código de barras Visto por última vez Precio de reemplazo Tipo de ítem Koha
        Biblioteca del Ateneo de Madrid Biblioteca del Ateneo de Madrid Depósito 2 17/01/2008     C-28329 1113457 23/02/2023 23/02/2023 Libro impreso